00350nam a2200109Ia 4500008004100000082000800041100001900049245005600068942000600124952009500130999001500225240331s9999 xx 000 0 und d bCHA aChalaby, Abbas 0aAll of Egypt :bfrom Cairo to Abu Simbel and SIinai cL 001040708LaWERCLbWERCLcSSCd2024-03-31l0o 962 CHAp4723r2024-03-31w2024-03-31yL c3481d3481